| 000 -CABECERA |
| campo de control de longitud fija |
00871nam a2200277Ia 4500 |
| 003 - IDENTIFICADOR DEL NÚMERO DE CONTROL |
| campo de control |
OSt |
| 005 - FECHA Y HORA DE LA ÚLTIMA TRANSACCIÓN |
| campo de control |
20211111163107.0 |
| 008 - DATOS DE LONGITUD FIJA--INFORMACIÓN GENERAL |
| campo de control de longitud fija |
121119s2002 ck gr 000 f spa |
| 020 ## - NÚMERO INTERNACIONAL ESTÁNDAR DEL LIBRO |
| Número Internacional Estándar del Libro |
9789585581401 |
| 040 ## - FUENTE DE LA CATALOGACIÓN |
| Centro catalogador/agencia de origen |
CO-MqBPB |
| Lengua de catalogación |
spa |
| Normas de descripción |
rda |
| Centro/agencia transcriptor |
CO-MqBPB |
| 041 0# - CÓDIGO DE LENGUA |
| Código de lengua del texto/banda sonora o título independiente |
spa |
| 084 ## - OTRO NÚMERO DE CLASIFICACIÓN |
| Número de clasificación |
AN GARc |
| 100 1# - ENTRADA PRINCIPAL--NOMBRE DE PERSONA |
| Nombre de persona |
García Márquez, Gabriel |
| Fechas asociadas al nombre |
1928- |
| 9 (RLIN) |
2513 |
| 245 10 - MENCIÓN DE TÍTULO |
| Título |
Camino a Macondo / |
| Mención de responsabilidad, etc. |
Gabriel García Márquez |
| 250 ## - MENCIÓN DE EDICIÓN |
| Mención de edición |
Primera edición |
| 264 ## - PRODUCCIÓN, PUBLICACIÓN, DISTRIBUCIÓN, FABRICACIÓN Y COPYRIGHT |
| Producción, publicación, distribución, fabricación y copyright |
Bogotá; |
| Nombre del de productor, editor, distribuidor, fabricante |
Penguin Random House, |
| Fecha de producción, publicación, distribución, fabricación o copyright |
2020 |
| 300 ## - DESCRIPCIÓN FÍSICA |
| Extensión |
440 páginas |
| Dimensiones |
22 cm |
| 336 ## - TIPO DE CONTENIDO |
| Término de tipo de contenido |
texto |
| Código de tipo de contenido |
txt |
| Fuente |
rdacontent |
| 337 ## - TIPO DE MEDIO |
| Nombre/término del tipo de medio |
sin mediación |
| Código del tipo de medio |
n |
| Fuente |
rdamedia |
| 338 ## - TIPO DE SOPORTE |
| Nombre/término del tipo de soporte |
volumen |
| Código del tipo de soporte |
nc |
| Fuente |
rdacarrier |
| 501 ## - NOTA DE "CON" |
| Nota de “Con” |
Con: A propósito de Gabriel García Márquez y su obra |
| 650 14 - PUNTO DE ACCESO ADICIONAL DE MATERIA--TÉRMINO DE MATERIA |
| Término de materia o nombre geográfico como elemento de entrada |
Novela colombiana |
| Fuente del encabezamiento o término |
LEMB |
| 9 (RLIN) |
3020 |
| 650 14 - PUNTO DE ACCESO ADICIONAL DE MATERIA--TÉRMINO DE MATERIA |
| Término de materia o nombre geográfico como elemento de entrada |
Muerte |
| Subdivisión de forma |
Novela |
| Fuente del encabezamiento o término |
LEMB |
| 9 (RLIN) |
4034 |
| 650 14 - PUNTO DE ACCESO ADICIONAL DE MATERIA--TÉRMINO DE MATERIA |
| Término de materia o nombre geográfico como elemento de entrada |
Venganza |
| Subdivisión de forma |
Novela |
| Fuente del encabezamiento o término |
LEMB |
| 9 (RLIN) |
33413 |
| 942 ## - ELEMENTOS DE PUNTO DE ACCESO ADICIONAL (KOHA) |
| Fuente del sistema de clasificación o colocación |
|
| Tipo de ítem Koha |
Libro Literatura |